000 00297nam a22001337a 4500
020 _a0-446-67745-0
082 _a159
_bKIY/R
100 _aKIYOSAKI,ROBERT, T
245 _aRICH DAD,POOR DAD
260 _aUSA
_bWARNER BOOKS
300 _a207
650 _aPERSONALITY DEVELOPMENT
_zUSA
942 _cBK
999 _c5262
_d5262